00842naa#a2200205#i#4500001001600000005001700016011001400033100004100047101000800088102000700096200014700103210008200250215001000332608004500342686005800387700005200445700006000497700005200557856002700609RU\\bibl\12256420260602205955.2##a2304-9707##a20260519b2026####ek#y0rusy0150####ca0#aRUS##aRU1#aНейробиологические основы психосоматических расстройствeЖурнальная статья1#aМоскваcООО Издательство «Логос Пресс»d2026##a5 с.##aЖурнальная статья2local##aКлиническая медицина. 76.292grnti#1aКлюшникgТатьяна Павловна#1aОмельченкоgМария Анатольевна#1aСамушияgМарина Антиповна4#alogospress.editorum.ru